MARC

LEADER 00000nam0a2200000 4500
001 61096
005 20231031062353.0
010 |a 0415269709 
035 |a (RuTPU)RU\TPU\book\64628 
090 |a 61096 
100 |a 20040303d2002 k y0engy50 ba 
101 0 |a eng 
102 |a GB 
105 |a a z 001zy 
200 1 |a The history of the soviet atomic industry  |f A. Kruglov 
210 |a London  |c Taylor & Francis  |d 2002 
215 |a 282 p.  |c ил. 
320 |a Библиогр.: с. 265-272. 
610 1 |a атомная техника 
610 1 |a история 
610 1 |a Россия 
610 1 |a атомные станции 
610 1 |a английский язык 
675 |a 621.039  |v 3 
700 1 |a Kruglov  |b A.  |g Arkadii 
801 1 |a RU  |b 63413507  |c 20040303  |g PSBO 
801 2 |a RU  |b 63413507  |c 20100914  |g PSBO 
942 |c BK